000
00322 a2200145 4500
001
153536
040
_c
Escola São Tomás de Aquino
100
_a
AZEVEDO, Artur
240
1
0
_a
Em família
_l
por
245
1
0
_a
Em família
362
0
_a
2002
440
1
_a
Nova Fronteira
697
_a
*LITERATURA JUVENIL
942
_c
BK
999
_c
153536
_d
153536